Govt. of
Madhya Pradesh

educational thought of guru nanak dev (Record no. 68903)

MARC details
000 -LEADER
fixed length control field 00318nam a22001217a 4500
020 ## - INTERNATIONAL STANDARD BOOK NUMBER
ISBN 978-81-8370-640-7
082 ## - DEWEY DECIMAL CLASSIFICATION NUMBER
Classification number 370/PAT
100 ## - MAIN ENTRY--AUTHOR NAME
Personal name Pathak,Ramesh Prashad
245 ## - TITLE STATEMENT
Title educational thought of guru nanak dev
260 ## - PUBLICATION, DISTRIBUTION, ETC. (IMPRINT)
Place of publication New dehli
Name of publisher Akansha publishing house
Year of publication 2022
650 ## - SUBJECT ADDED ENTRY--TOPICAL TERM
Topical Term Education
942 ## - ADDED ENTRY ELEMENTS (KOHA)
Koha item type Books
Holdings
Withdrawn status Lost status Damaged status Not for loan Home library Current library Date acquired Cost, normal purchase price Full call number Accession Number Price effective from Koha item type
        MACL MACL 02/04/2026 450.00 370/PAT CRE040406 02/04/2026 Books